Problemas de la poética de Dostoievski (Dostoyevski)
Збережено в:
| Автор: | |
|---|---|
| Формат: | Книга |
| Мова: | Undetermined |
| Опубліковано: |
México, Distrito Federal
Fondo de Cultura Económica
1986
|
| Предмети: | |
| Теги: |
Додати тег
Немає тегів, Будьте першим, хто поставить тег для цього запису!
|
MARC
| LEADER | 00000nam a2200000Ia 4500 | ||
|---|---|---|---|
| 008 | 170316s9999 xx 000 0 und d | ||
| 090 | |a 801 B-3p | ||
| 100 | |a Bajtín, Mijail M. | ||
| 245 | |a Problemas de la poética de Dostoievski (Dostoyevski) | ||
| 260 | |a México, Distrito Federal | ||
| 260 | |b Fondo de Cultura Económica | ||
| 260 | |c 1986 | ||
| 300 | |a 379 páginas | ||
| 650 | |a TEORÍA LITERARIA | ||
| 650 | |a NOVELA POLIFONICA - DOSTOIEVSKI (Dostoyevski) | ||
| 650 | |a GÉNERO - DOSTOIEVSKI | ||
| 650 | |a ARGUMENTO - DOSTOIEVSKI | ||
| 650 | |a LA ESTRUCTURA - DOSTOIEVSKI | ||
| 650 | |a LA PALABRA - DOSTOIEVSKI | ||
| 999 | |c 20111 |d 20111 | ||
| 040 | |a cru BVZT | ||
| 942 | |c 15 D |h 801 B-3p |2 z | ||
